Khám bụng trong ngoại khoa

Sparad:
Bibliografiska uppgifter
Huvudupphovsman: Học viện Quân y Hà Nội. Bộ môn nội
Materialtyp: Bok
Språk:Undetermined
Publicerad: Hà Nội Học viện Quân y [1979]
Ämnen:
Taggar: Lägg till en tagg
Inga taggar, Lägg till första taggen!
Thư viện lưu trữ: Trung tâm Học liệu Trường Đại học Cần Thơ
LEADER 00545nam a2200169Ia 4500
001 CTU_45970
008 210402s9999 xx 000 0 und d
082 |a 616.07 
082 |b B450 
100 |a Học viện Quân y Hà Nội. Bộ môn nội 
245 0 |a Khám bụng trong ngoại khoa 
245 0 |c Học viện Quân y Hà Nội. Bộ môn nội 
260 |a Hà Nội 
260 |b Học viện Quân y 
260 |c [1979] 
650 |a pathology 
980 |a Trung tâm Học liệu Trường Đại học Cần Thơ